Click the 2000's Song Title Endings - Statistics

General Stats
  • This quiz has been taken 137 times
  • The average score is 17 of 20
Answer Stats
Hint Explanation Answer % Correct
You Belong With Taylor Swift Me
97%
We Belong Mariah Carey Together
97%
Bye, Bye, *NSYNC Bye
96%
Cry Me a Justin Timberlake River
96%
Gold Kanye West Digger
95%
Never Kelly Clarkson Again
94%
What a Girl Christina Aguilera Wants
94%
When I'm Eminem Gone
92%
Drop it Like it's Snoop Dogg Hot
92%
I Gotta Black Eyed Peas Feeling
90%
Better Goo Goo Dolls Days
89%
Take Me Franz Ferdinand Out
87%
South Moby Side
87%
All Summer Kid Rock Long
86%
Family Mary J. Blige Affair
83%
How to Save a The Fray Life
81%
Hanging by a Lifehouse Moment
75%
Work Missy Elliott It
73%
Chasing Adele Pavements
70%
Bleeding Leona Lewis Love
65%
No matching quizzes found
Score Distribution
Percent of People with Each Score
Percentile by Number Answered
Your Score History
You have not taken this quiz